000 004530000a22001810004500
999 _c47853
_d47853
001 649
003 CO-MdFUSB
005 20180924152823.0
008 180924b xxu||||| |||| 00| 0 eng d
040 _cCO-MdBIC
082 0 4 _a813C R54ds
100 1 _aRobertson, Kate
245 1 0 _aDilbert in seatle / Kate Robertson, il. : Val Biro
260 _aLondon : Threshold storybook
300 _a[ 24 p. ]
650 1 4 _aLiteratura Infantil
942 _cLGB